[Event "V Open B"]
[Site "Montebelluna ITA"]
[Date "2007.03.10"]
[Round "2"]
[White "Fausone, Vincenzo"]
[Black "Brunello, Marco"]
[Result "0-1"]
[WhiteElo "1443"]
[BlackElo "1395"]
[PlyCount "66"]
[EventDate "2007.03.09"]

1. e4 c5 2. Nf3 Nc6 3. d4 cxd4 4. Nxd4 Nf6 5. Nc3 e5 6. Nxc6 bxc6 7. Bc4 Bb4 8.
f3 d5 9. exd5 cxd5 10. Bb5+ Bd7 11. Bxd7+ Qxd7 12. Bd2 d4 13. Ne4 Bxd2+ 14.
Qxd2 Nxe4 15. fxe4 O-O 16. O-O Rad8 17. Rad1 Qb7 18. Rfe1 Qxb2 19. Re2 h6 20.
Qa5 d3 21. Red2 Qd4+ 22. Kh1 Qxe4 23. cxd3 Qe3 24. a4 e4 25. d4 f5 26. Qb5 f4
27. Qe2 Qxe2 28. Rxe2 f3 29. gxf3 exf3 30. Rf2 Rde8 31. h3 Re2 32. Rd2 Rxd2 33.
Rxd2 f2 0-1

[Event "V Open B"]
[Site "Montebelluna ITA"]
[Date "2007.03.10"]
[Round "2"]
[White "Filippi, Simone"]
[Black "Bressan, Paolo"]
[Result "1/2-1/2"]
[WhiteElo "1398"]
[BlackElo "1484"]
[PlyCount "61"]
[EventDate "2007.03.09"]

1. e4 e5 2. Nf3 Nc6 3. Nc3 Nf6 4. Bc4 Bc5 5. O-O O-O 6. h3 a6 7. a4 h6 8. b3 d6
9. Bb2 Re8 10. Nd5 Nxe4 11. d3 Nf6 12. Nc3 d5 13. b4 Bxb4 14. Bb3 Bxc3 15. Bxc3
d4 16. Bb2 Be6 17. c3 dxc3 18. Bxc3 Bxb3 19. Qxb3 Rb8 20. Rfd1 Nd4 21. Bxd4
exd4 22. Qc4 b5 23. axb5 axb5 24. Qxd4 Qxd4 25. Nxd4 c5 26. Nf5 Red8 27. Ne7+
Kf8 28. Nc6 Nd7 29. Nxd8 Rxd8 30. Rab1 b4 31. d4 {...} 1/2-1/2

[Event "V Open B"]
[Site "Montebelluna ITA"]
[Date "2007.03.10"]
[Round "2"]
[White "Lippi, Agostino"]
[Black "Reginato, Mauro"]
[Result "0-1"]
[WhiteElo "1601"]
[BlackElo "1895"]
[PlyCount "82"]
[EventDate "2007.03.09"]

1. c4 e6 2. Nf3 d5 3. cxd5 exd5 4. g3 Nf6 5. Bg2 Bd6 6. Nc3 c6 7. d3 O-O 8. O-O
Bg4 9. Bd2 Nbd7 10. a3 Re8 11. Re1 Nf8 12. Qc1 Ng6 13. e4 dxe4 14. dxe4 Qd7 15.
Qc2 Rad8 16. Be3 b6 17. b4 Bxf3 18. Bxf3 Ne5 19. Bg2 Neg4 20. Rad1 Qc7 21. Bc1
a6 22. Ne2 c5 23. Bf4 Qe7 24. Bxd6 Rxd6 25. Rxd6 Qxd6 26. bxc5 bxc5 27. Rd1 Qb6
28. h3 Ne5 29. Nf4 c4 30. Nd5 Qb3 31. Nxf6+ gxf6 32. Qxb3 cxb3 33. Rb1 Rb8 34.
Bf1 b2 35. Kg2 Rb3 36. a4 Nf3 37. Bc4 Nd2 38. Bxb3 Nxb1 39. Bc2 Nc3 40. a5 b1=Q
41. Bxb1 Nxb1 0-1

[Event "V Open B"]
[Site "Montebelluna ITA"]
[Date "2007.03.10"]
[Round "2"]
[White "Negro, Raffaele"]
[Black "Basset, Sergio"]
[Result "1/2-1/2"]
[WhiteElo "1763"]
[BlackElo "1598"]
[PlyCount "109"]
[EventDate "2007.03.09"]

1. d4 Nf6 2. c4 c5 3. d5 e6 4. Nc3 exd5 5. cxd5 d6 6. e4 g6 7. Bd3 Bg7 8. Nge2
O-O 9. O-O Na6 10. f3 Nc7 11. Bg5 a6 12. Qd2 b5 13. a3 Rb8 14. b4 c4 15. Bc2
Nce8 16. Nd4 Bd7 17. Kh1 Qc7 18. f4 Nh5 19. Be7 Qb6 20. Nde2 Nef6 21. Bxf8 Rxf8
22. h3 Ne8 23. Rf3 Nc7 24. Raf1 a5 25. Qe3 Qxe3 26. Rxe3 axb4 27. axb4 Ra8 28.
g4 Nf6 29. e5 Nfxd5 30. Nxd5 Nxd5 31. Ref3 Nxb4 32. Be4 d5 33. Bb1 Nc6 34. Rd1
Be6 35. Nd4 Nxd4 36. Rxd4 Ra1 37. Rf1 b4 38. Rdd1 Ra3 39. Kg2 Ra5 40. Rfe1 Bf8
41. f5 Bd7 42. e6 fxe6 43. fxe6 Be8 44. Re5 b3 45. e7 Bg7 46. Rexd5 Rxd5 47.
Rxd5 Kf7 48. Rc5 c3 49. Be4 Kxe7 50. Rc7+ Kf8 51. Kf2 Bd4+ 52. Ke2 c2 53. h4
Bb2 54. Bxc2 bxc2 55. Rxc2 1/2-1/2

[Event "V Open B"]
[Site "Montebelluna ITA"]
[Date "2007.03.10"]
[Round "2"]
[White "Panican, Gheorghe"]
[Black "Stella, Luca"]
[Result "1/2-1/2"]
[WhiteElo "1530"]
[BlackElo "1725"]
[PlyCount "52"]
[EventDate "2007.03.09"]

1. e4 c5 2. Nf3 d6 3. d4 cxd4 4. Nxd4 Nf6 5. Nc3 g6 6. Be3 Bg7 7. f3 O-O 8. Qd2
Nc6 9. Bc4 Bd7 10. O-O-O Rc8 11. Bb3 Ne5 12. Kb1 Nc4 13. Bxc4 Rxc4 14. h4 Qa5
15. Nb3 Qa6 16. Bh6 b5 17. Bxg7 Kxg7 18. h5 Be6 19. hxg6 fxg6 20. Nd4 Bf7 21.
Nd5 Ng8 22. Qg5 e6 23. Rxh7+ Kxh7 24. Nf6+ Kg7 25. Nh5+ Kh7 26. Nf6+ Kg7
1/2-1/2

[Event "V Open B"]
[Site "Montebelluna ITA"]
[Date "2007.03.10"]
[Round "2"]
[White "Piaggio, Fabrizio"]
[Black "Mancin, Michele"]
[Result "1/2-1/2"]
[WhiteElo "1509"]
[BlackElo "1626"]
[PlyCount "92"]
[EventDate "2007.03.09"]

1. d4 Nf6 2. c4 g6 3. Nc3 Bg7 4. e4 d6 5. Nf3 O-O 6. Be2 Nbd7 7. O-O e5 8. d5
Nc5 9. Bg5 a5 10. Nd2 h6 11. Be3 g5 12. Bxc5 dxc5 13. Nb3 b6 14. Nc1 Ne8 15.
Bg4 Nd6 16. Bxc8 Qxc8 17. b3 f5 18. f3 fxe4 19. fxe4 Rxf1+ 20. Qxf1 Qg4 21. Qe2
Qd7 22. a4 Rf8 23. Nd3 Qf7 24. Rf1 Qg6 25. Rxf8+ Kxf8 26. Qf2+ Ke7 27. Qg3 Nxe4
28. Nxe5 Qf5 29. Nc6+ Kd7 30. Nxe4 Qxe4 31. Qf3 Qe1+ 32. Qf1 Bd4+ 33. Nxd4
Qxf1+ 34. Kxf1 cxd4 35. Ke2 Kd6 36. Kd3 Kc5 37. g4 Kb4 38. Kxd4 Kxb3 39. c5
bxc5+ 40. Kxc5 Kxa4 41. Kc6 Kb3 42. Kxc7 a4 43. d6 a3 44. d7 a2 45. d8=Q a1=Q
46. Qd5+ Kc2 1/2-1/2

[Event "V Open B"]
[Site "Montebelluna ITA"]
[Date "2007.03.10"]
[Round "2"]
[White "Pompili, Alberto"]
[Black "Giacomelli, Enzo"]
[Result "1/2-1/2"]
[WhiteElo "1846"]
[BlackElo "1676"]
[PlyCount "34"]
[EventDate "2007.03.09"]

1. d4 d6 2. Nf3 Nf6 3. e3 Bg4 4. Be2 e6 5. O-O Be7 6. Nbd2 O-O 7. c3 c6 8. Qc2
Nbd7 9. Bd3 Re8 10. h3 Bh5 11. e4 e5 12. dxe5 dxe5 13. Re1 Qc7 14. a4 Rad8 15.
Bf1 h6 16. b4 b6 17. Nh4 c5 1/2-1/2

[Event "V Open B"]
[Site "Montebelluna ITA"]
[Date "2007.03.10"]
[Round "2"]
[White "Sorbera, Giovanni"]
[Black "De Nadai, Ruggero"]
[Result "1/2-1/2"]
[WhiteElo "1476"]
[BlackElo "1431"]
[PlyCount "111"]
[EventDate "2007.03.09"]

1. e4 c5 2. c3 d6 3. d4 cxd4 4. cxd4 e6 5. Nf3 Nc6 6. Nc3 Nf6 7. Bb5 Bd7 8. O-O
a6 9. Bxc6 Bxc6 10. d5 exd5 11. exd5 Bd7 12. Bf4 Be7 13. Re1 O-O 14. Ne4 Bf5
15. Ng3 Bg6 16. Qb3 Rb8 17. Rad1 Qd7 18. Qb4 Rfd8 19. Nh4 Bf8 20. Nxg6 hxg6 21.
f3 Nh5 22. Bg5 f6 23. Bd2 Nxg3 24. hxg3 Re8 25. Kf2 Kf7 26. Be3 Rbc8 27. Rc1
Rxc1 28. Rxc1 Re5 29. Qb6 Kg8 30. Rc7 Qb5 31. Qxb5 axb5 32. Rxb7 Rxd5 33. Ke2
g5 34. a4 bxa4 35. Ra7 Rb5 36. Bd4 Rb4 37. Bc3 Rc4 38. Kd3 Rc5 39. Rxa4 Rc7 40.
Kd4 Rd7 41. Kd5 Kf7 42. Bd4 Rc7 43. Ra7 Re7 44. Rxe7+ Kxe7 45. b4 Kd7 46. b5
Be7 47. Ba7 Kc7 48. b6+ Kb7 49. g4 g6 50. g3 f5 51. gxf5 gxf5 52. f4 gxf4 53.
gxf4 Bf8 54. Bb8 Kxb6 55. Bxd6 Bh6 56. Ke5 1/2-1/2

[Event "V Open B"]
[Site "Montebelluna ITA"]
[Date "2007.03.10"]
[Round "2"]
[White "Tomio, Dante"]
[Black "Codenotti, Marco"]
[Result "1-0"]
[WhiteElo "1953"]
[BlackElo "1602"]
[PlyCount "121"]
[EventDate "2007.03.09"]

1. d4 g6 2. c4 Bg7 3. Nc3 Nf6 4. e4 d6 5. Nf3 O-O 6. Be2 e5 7. O-O Nbd7 8. Bg5
h6 9. Bh4 Re8 10. d5 g5 11. Bg3 Nc5 12. Nd2 a5 13. Qc2 Nfd7 14. a3 a4 15. b3
axb3 16. Nxb3 Nxb3 17. Qxb3 Nc5 18. Qc2 Rf8 19. f3 f5 20. Bf2 b6 21. Bxc5 bxc5
22. g4 f4 23. Nb5 Rf6 24. Rf2 Qe7 25. a4 Qf7 26. a5 h5 27. h3 Rh6 28. Bf1 Bf8
29. Ra3 Qh7 30. Rh2 Ra6 31. Qd2 Ra8 32. Ra2 Ba6 33. Bd3 Re8 34. Na7 Qd7 35. Nb5
Re7 36. Qc3 Reh7 37. Qe1 Be7 38. Qb1 c6 39. dxc6 Qxc6 40. Nc3 Bd8 41. Nd5 Bb7
42. Qb5 hxg4 43. hxg4 Qxb5 44. cxb5 Rxh2 45. Rxh2 Rxh2 46. Kxh2 Bxd5 47. exd5
Bxa5 48. Bc4 Kf8 49. Kg2 Ke7 50. Kf2 Kd7 51. Ke2 Bd8 52. Kd3 Kc7 53. Ke4 Kc8
54. Kf5 Kd7 55. Bd3 Be7 56. Kg6 Bd8 57. Kf7 Bc7 58. Bf5+ Kd8 59. Kf6 Ke8 60.
Kxg5 Kf7 61. Kh6 1-0

[Event "V Open B"]
[Site "Montebelluna ITA"]
[Date "2007.03.10"]
[Round "2"]
[White "Valbusa, Giuseppe"]
[Black "Steger, Andreas"]
[Result "1-0"]
[WhiteElo "1631"]
[BlackElo "1503"]
[PlyCount "105"]
[EventDate "2007.03.09"]

1. d4 d5 2. c4 c6 3. Nc3 Nf6 4. Nf3 g6 5. e3 Bg7 6. Bd3 O-O 7. b3 a6 8. Bb2 b5
9. c5 Re8 10. O-O Bg4 11. h3 Bxf3 12. Qxf3 Nbd7 13. b4 e5 14. Qd1 e4 15. Be2 a5
16. bxa5 Qxa5 17. a3 Reb8 18. Na2 Rb7 19. Nb4 Nb8 20. Bc3 Qc7 21. Qb3 Rba7 22.
Ra2 Na6 23. Rfa1 Nd7 24. Bd1 f5 25. a4 Nxb4 26. Bxb4 Rxa4 27. Rxa4 bxa4 28.
Rxa4 Rb8 29. Qa3 Qb7 30. Be2 f4 31. Bd2 fxe3 32. Bxe3 Qb1+ 33. Bf1 Qb7 34. Ra7
Qc8 35. Qa6 Qxa6 36. Rxa6 Rc8 37. Be2 h5 38. g4 Nb8 39. Ra8 hxg4 40. Bxg4 Rf8
41. Kg2 Kh7 42. Kf1 Bh6 43. Ke2 Bxe3 44. fxe3 Kh6 45. Ra7 g5 46. Rc7 Rf6 47.
Rc8 Na6 48. Ra8 Nb4 49. Rh8+ Kg7 50. Rd8 Rf7 51. Rd6 Kh7 52. Bd7 Kg8 53. Be6
1-0

[Event "V Open B"]
[Site "Montebelluna ITA"]
[Date "2007.03.10"]
[Round "2"]
[White "Venturi, Luca"]
[Black "Soppelsa, Maurizio"]
[Result "1/2-1/2"]
[WhiteElo "1617"]
[BlackElo "1518"]
[PlyCount "42"]
[EventDate "2007.03.09"]

1. d4 d5 2. Nf3 Nf6 3. Bf4 e6 4. e3 Bd6 5. Bg3 Bxg3 6. hxg3 c6 7. Bd3 b6 8. Qe2
a5 9. Ne5 Bb7 10. Nd2 Nbd7 11. f4 Qc8 12. e4 Ba6 13. Bxa6 Qxa6 14. Qxa6 Rxa6
15. Nxc6 b5 16. Ne5 Nxe5 17. dxe5 Nd7 18. Ke2 Ke7 19. Nb3 h6 20. Nd4 Rb8 21. a3
21... a4 {...} 1/2-1/2

[Event "V Open B"]
[Site "Montebelluna ITA"]
[Date "2007.03.10"]
[Round "2"]
[White "Zanon, Leandro"]
[Black "Reginato, Sabrina"]
[Result "0-1"]
[WhiteElo "1604"]
[BlackElo "1608"]
[PlyCount "62"]
[EventDate "2007.03.09"]

1. d4 d5 2. Nf3 e6 3. Bg5 Nf6 4. e3 Be7 5. Bd3 Nbd7 6. Nbd2 c5 7. c3 O-O 8. O-O
b6 9. Bxf6 Nxf6 10. Ne5 Bb7 11. f4 Ne4 12. Rf3 f6 13. Ng4 Bd6 14. Rh3 Qe8 15.
Nxe4 dxe4 16. Bc4 b5 17. Qb3 bxc4 18. Qxb7 f5 19. Ne5 cxd4 20. cxd4 Bxe5 21.
dxe5 Rb8 22. Qc7 Qc8 23. Qxa7 Rxb2 24. Rg3 Rf7 25. Qd4 c3 26. Qa4 c2 27. Rc1
Rb1 28. Qa3 Rd7 29. h4 Rxc1+ 30. Kh2 Rb1 31. h5 c1=Q 0-1

[Event "V Open B"]
[Site "Montebelluna ITA"]
[Date "2007.03.10"]
[Round "3"]
[White "Basset, Sergio"]
[Black "Valbusa, Giuseppe"]
[Result "1-0"]
[WhiteElo "1598"]
[BlackElo "1631"]
[PlyCount "101"]
[EventDate "2007.03.09"]

1. d4 g6 2. c4 Bg7 3. Nc3 d6 4. e4 e6 5. Be2 b6 6. Nf3 Nd7 7. Bg5 Ne7 8. Qd2 h6
9. Be3 Bb7 10. O-O-O a6 11. Kb1 Nf6 12. d5 e5 13. h3 Nd7 14. g4 Nc5 15. Ne1 Qd7
16. Qc2 a5 17. Nd3 Ba6 18. Nxc5 bxc5 19. Nb5 O-O 20. Qd2 Kh7 21. Qxa5 Bxb5 22.
Qxb5 Qxb5 23. cxb5 Nc8 24. b3 Nb6 25. a4 Ra7 26. Kc2 c4 27. Bxc4 Raa8 28. Bd3
f5 29. gxf5 gxf5 30. exf5 Bf6 31. Rhg1 Nxd5 32. Bd2 Ne7 33. Rg4 d5 34. f3 Nc8
35. Rg6 Bg7 36. Rdg1 Rf7 37. f6 Nd6 38. fxg7 Kg8 39. Rxh6 Rxg7 40. Rxg7+ Kxg7
41. Rh7+ Kf6 42. Rxc7 e4 43. Bc3+ Kg5 44. fxe4 dxe4 45. Be2 Re8 46. Rg7+ Kh6
47. Rg4 Nf5 48. Bd2+ e3 49. Bc3 Rc8 50. a5 Nd6 51. b6 1-0

[Event "V Open B"]
[Site "Montebelluna ITA"]
[Date "2007.03.10"]
[Round "3"]
[White "Biagioli, Marco"]
[Black "Zanon, Leandro"]
[Result "1-0"]
[WhiteElo "1467"]
[BlackElo "1604"]
[PlyCount "113"]
[EventDate "2007.03.09"]

1. d4 d5 2. c4 c6 3. Nf3 Nf6 4. Nc3 Bf5 5. cxd5 cxd5 6. Qb3 Qb6 7. Qxb6 axb6 8.
Bg5 Nbd7 9. e3 e6 10. a3 Ne4 11. Rc1 Be7 12. Bxe7 Kxe7 13. Nh4 Nd6 14. Nxf5+
Nxf5 15. Bd3 Nd6 16. O-O Rhc8 17. Rc2 b5 18. Rfc1 b4 19. axb4 b5 20. g3 Rab8
21. b3 f5 22. Kg2 Nf6 23. h3 Nfe4 24. Bxe4 fxe4 25. Ne2 Kf6 26. Rxc8 Rxc8 27.
Rxc8 Nxc8 28. Nc3 Nd6 29. f3 g6 30. g4 h6 31. Kg3 exf3 32. Kxf3 Kg5 33. e4
dxe4+ 34. Nxe4+ Nxe4 35. Kxe4 Kf6 36. d5 h5 37. d6 e5 38. d7 Ke7 39. Kxe5 Kxd7
40. Kf6 hxg4 41. hxg4 g5 42. Kxg5 Ke6 43. Kg6 Kd5 44. Kf7 Kd4 45. g5 Kc3 46. g6
Kxb3 47. g7 Kxb4 48. g8=Q Ka4 49. Qg6 Kb3 50. Qb1+ Kc4 51. Ke6 b4 52. Ke5 Kc3
53. Ke4 b3 54. Qc1+ Kb4 55. Kd4 Ka4 56. Kc4 b2 57. Qxb2 1-0

[Event "V Open B"]
[Site "Montebelluna ITA"]
[Date "2007.03.10"]
[Round "3"]
[White "Bianchin, Raffaele"]
[Black "Bortolotto, Denzio"]
[Result "1/2-1/2"]
[WhiteElo "1506"]
[BlackElo "1611"]
[PlyCount "82"]
[EventDate "2007.03.09"]

1. e4 c5 2. Nf3 d6 3. d4 cxd4 4. Nxd4 Nf6 5. Nc3 a6 6. Bg5 e5 7. Nf3 Be7 8. Bc4
Be6 9. Bxe6 fxe6 10. Qd2 O-O 11. O-O-O Nbd7 12. Kb1 b5 13. a3 Rb8 14. Qd3 Nc5
15. Qe2 b4 16. axb4 Rxb4 17. Be3 Qb8 18. Bxc5 Rxb2+ 19. Kc1 dxc5 20. Qxa6 Rb6
21. Qc4 Ng4 22. Rhf1 Bg5+ 23. Nxg5 Nxf2 24. Nxe6 Rf6 25. Ng5+ Kh8 26. Nf7+ Rxf7
27. Qxf7 Rf6 28. Qe7 Nxd1 29. Rxf6 gxf6 30. Qxf6+ Kg8 31. Kxd1 Qe8 32. Nd5 Qh5+
33. Qf3 Qxh2 34. Ne7+ Kg7 35. Nf5+ Kf7 36. Qb3+ Kf6 37. Qb6+ Kg5 38. Qxc5 Qh1+
39. Kd2 Qxg2+ 40. Kd3 Qf1+ 41. Kc3 Qe1+ 1/2-1/2

[Event "V Open B"]
[Site "Montebelluna ITA"]
[Date "2007.03.10"]
[Round "3"]
[White "Codenotti, Marco"]
[Black "Brunello, Marco"]
[Result "1/2-1/2"]
[WhiteElo "1602"]
[BlackElo "1395"]
[PlyCount "62"]
[EventDate "2007.03.09"]

1. e4 c5 2. Nc3 Nc6 3. f4 e6 4. Bb5 Qh4+ 5. g3 Qd8 6. Bxc6 bxc6 7. Nf3 g6 8.
O-O Bg7 9. d3 Ne7 10. Kh1 O-O 11. g4 f5 12. gxf5 exf5 13. Qe1 fxe4 14. dxe4 d5
15. Ng5 Bh6 16. Rg1 dxe4 17. Ncxe4 Bf5 18. Be3 Bxg5 19. Nxg5 Qd5+ 20. Rg2 h6
21. Rd1 Qxa2 22. Bxc5 hxg5 23. Qxe7 Rfe8 24. Qf6 Be4 25. Rd7 Qb1+ 26. Bg1 Bxg2+
27. Kxg2 Qxc2+ 28. Bf2 Qe4+ 29. Kg1 Qb1+ 30. Kg2 Qe4+ 31. Kg1 Qb1+ 1/2-1/2

[Event "V Open B"]
[Site "Montebelluna ITA"]
[Date "2007.03.10"]
[Round "3"]
[White "De Nadai, Ruggero"]
[Black "Piaggio, Fabrizio"]
[Result "1-0"]
[WhiteElo "1431"]
[BlackElo "1509"]
[PlyCount "137"]
[EventDate "2007.03.09"]

1. e4 c5 2. Nf3 d6 3. d4 cxd4 4. Nxd4 Nf6 5. Nc3 g6 6. Be2 Bg7 7. Bg5 Qb6 8.
Rb1 Nxe4 9. Nxe4 Bxd4 10. O-O O-O 11. c3 Bg7 12. Bxe7 Re8 13. Nf6+ Bxf6 14.
Bxf6 Bf5 15. Qd2 d5 16. Bd4 Qe6 17. Rbe1 Nc6 18. Bb5 Qd6 19. Bxc6 bxc6 20.
Rxe8+ Rxe8 21. Re1 Rxe1+ 22. Qxe1 c5 23. Qe8+ Qf8 24. Qxf8+ Kxf8 25. Bxc5+ Ke8
26. Bxa7 Kd7 27. Kf1 Kc6 28. Ke2 Kb5 29. Kd2 Bb1 30. a3 Ba2 31. Kc2 Ka4 32. b4
Kxa3 33. Bd4 Bc4 34. Kd2 Ka4 35. Ke3 Kb5 36. Kf4 Bf1 37. g3 Bh3 38. Ke5 Kc6 39.
Kf6 Be6 40. Kg7 h5 41. Kf6 Kb5 42. Kg5 Kc6 43. h4 Kd6 44. f3 Bd7 45. g4 hxg4
46. fxg4 Ke7 47. h5 gxh5 48. gxh5 Kf8 49. h6 Kg8 50. Kf6 Kh7 51. Kxf7 Kxh6 52.
Ke7 Bb5 53. Kd6 Bc4 54. Kc5 Kg6 55. b5 Kf7 56. b6 Ba6 57. Kc6 Ke6 58. b7 Bxb7+
59. Kxb7 Kd6 60. Kb6 Kd7 61. Kc5 Ke6 62. Kc6 Ke7 63. Kxd5 Kd7 64. Be5 Kc8 65.
c4 Kd7 66. c5 Kc8 67. Kc6 Kd8 68. Kb7 Kd7 69. c6+ 1-0

[Event "V Open B"]
[Site "Montebelluna ITA"]
[Date "2007.03.10"]
[Round "3"]
[White "Ferracin, Nicola"]
[Black "Borghi, Bruno"]
[Result "0-1"]
[WhiteElo "1615"]
[BlackElo "1592"]
[PlyCount "48"]
[EventDate "2007.03.09"]

1. d4 Nf6 2. c4 c5 3. d5 b5 4. cxb5 a6 5. bxa6 Bxa6 6. g3 d6 7. Bg2 g6 8. Nf3
Bg7 9. O-O O-O 10. Nc3 Nbd7 11. Re1 Qb6 12. Qc2 Rfb8 13. b3 Ng4 14. Bb2 c4 15.
Nd2 Qxf2+ 16. Kh1 Qxg2+ 17. Kxg2 Ne3+ 18. Kg1 Nxc2 19. Kf2 Nxa1 20. Bxa1 cxb3
21. Nxb3 Bc4 22. Nd2 Bxa2 23. Nxa2 Rxa2 24. Bxg7 Kxg7 0-1

[Event "V Open B"]
[Site "Montebelluna ITA"]
[Date "2007.03.10"]
[Round "3"]
[White "Fragni, Enrico"]
[Black "Bressan, Andrea"]
[Result "1-0"]
[WhiteElo "1824"]
[BlackElo "1419"]
[PlyCount "75"]
[EventDate "2007.03.09"]

1. d4 Nf6 2. Nf3 g6 3. Bg5 Bg7 4. Nbd2 d6 5. e3 O-O 6. Be2 Nbd7 7. c3 c5 8. Qc2
d5 9. O-O c4 10. a4 b6 11. h3 Qc7 12. Bf4 Qd8 13. Ne5 Nxe5 14. Bxe5 Bf5 15. Qd1
a6 16. g4 Bd7 17. Bf3 Be6 18. Kh2 Qd7 19. Qe2 a5 20. g5 Bxh3 21. gxf6 Bxf1 22.
Qxf1 exf6 23. Bg3 Rae8 24. Qg2 Rd8 25. Bf4 g5 26. Bg3 f5 27. Rh1 g4 28. Bd1 Qe6
29. Kg1 Qg6 30. Bf4 h6 31. Nf1 Rfe8 32. Ng3 Re6 33. Bc2 Re7 34. Nxf5 Qe6 35.
Nxe7+ Qxe7 36. Qxg4 Kf8 37. Bxh6 Bxh6 38. Rxh6 1-0

[Event "V Open B"]
[Site "Montebelluna ITA"]
[Date "2007.03.10"]
[Round "3"]
[White "Franco, Leopoldo"]
[Black "Bressan, Paolo"]
[Result "1/2-1/2"]
[WhiteElo "1450"]
[BlackElo "1484"]
[PlyCount "71"]
[EventDate "2007.03.09"]

1. d4 Nf6 2. c4 e6 3. Nc3 c5 4. e3 cxd4 5. Qxd4 Nc6 6. Qd1 a6 7. Nf3 Be7 8. Be2
h6 9. O-O O-O 10. a3 Qc7 11. g3 Rd8 12. Qc2 d6 13. b4 Na7 14. Bb2 Bd7 15. Rfd1
Bc6 16. Nd4 Bd7 17. Bf1 Nc6 18. f3 Rac8 19. Ne4 Nxd4 20. exd4 d5 21. Nc5 Bc6
22. Qf2 Bd6 23. Re1 Qe7 24. Rac1 Qf8 25. a4 Ra8 26. b5 axb5 27. axb5 b6 28. Na6
Bb7 29. cxd5 exd5 30. Ra1 Rdc8 31. Rec1 Rxc1 32. Rxc1 Rc8 33. Qd2 Rxc1 34. Qxc1
Qc8 35. Kf2 Qxc1 36. Bxc1 {...} 1/2-1/2

[Event "V Open B"]
[Site "Montebelluna ITA"]
[Date "2007.03.10"]
[Round "3"]
[White "Giacomelli, Enzo"]
[Black "Lippi, Agostino"]
[Result "0-1"]
[WhiteElo "1676"]
[BlackElo "1601"]
[PlyCount "154"]
[EventDate "2007.03.09"]

1. e4 c5 2. d3 Nc6 3. Nf3 d6 4. h3 g6 5. Bd2 Bg7 6. Bc3 e5 7. Bd2 Be6 8. Ng5
Nge7 9. Nxe6 fxe6 10. c3 O-O 11. Be3 b5 12. Be2 Rb8 13. Bg4 Qd7 14. Qb3 Nd8 15.
a3 Nec6 16. Nd2 Na5 17. Qa2 a6 18. O-O Kh8 19. Bg5 c4 20. dxc4 bxc4 21. Rad1
Qf7 22. Be2 d5 23. Bh4 Ndc6 24. Bg3 Rb7 25. f4 Qe8 26. fxe5 Nxe5 27. exd5 exd5
28. Nf3 Rd7 29. Rd2 Nb3 30. Rdd1 Nxf3+ 31. Bxf3 Qe3+ 32. Bf2 Qg5 33. Kh1 Nd2
34. Bc5 Rxf3 35. gxf3 Nxf1 36. Rxf1 Qg3 37. Qb1 Qxh3+ 38. Kg1 Rf7 39. Qe1 Qd7
40. Qd2 Rf5 41. Rf2 g5 42. Kf1 h6 43. Ke1 Rf4 44. Be3 Rh4 45. Rh2 Rxh2 46. Qxh2
Qe6 47. Kf2 Be5 48. Qh5 Kh7 49. Bxg5 Qg6 50. Qxg6+ Kxg6 51. Bc1 h5 52. f4 Bf6
53. Kf3 Kf5 54. Be3 Bh4 55. Bd2 Bf6 56. Be3 h4 57. Bf2 a5 58. a4 Bd8 59. Bd4
Bc7 60. Be3 h3 61. Kg3 h2 62. Kxh2 Bxf4+ 63. Bxf4 Kxf4 64. Kg2 Ke3 65. Kf1 Kd2
66. Kf2 Kc2 67. Ke3 Kxb2 68. Kd4 Kb3 69. Kxd5 Kxc3 70. Kc5 Kb3 71. Kb5 c3 72.
Kxa5 c2 73. Kb5 c1=Q 74. a5 Qc4+ 75. Kb6 Kb4 76. a6 Qb5+ 77. Ka7 Kc5 0-1

[Event "V Open B"]
[Site "Montebelluna ITA"]
[Date "2007.03.10"]
[Round "3"]
[White "Mancin, Michele"]
[Black "Panican, Gheorghe"]
[Result "0-1"]
[WhiteElo "1626"]
[BlackElo "1530"]
[PlyCount "69"]
[EventDate "2007.03.09"]

1. e4 c5 2. Nf3 d6 3. d4 cxd4 4. Nxd4 Nf6 5. Nc3 a6 6. Be3 e5 7. Nb3 Be7 8. Be2
Be6 9. O-O O-O 10. Kh1 b5 11. a3 Nbd7 12. f4 Qc7 13. Qe1 exf4 14. Bxf4 Ne5 15.
Qg3 Kh8 16. Nd4 Bd7 17. Nf5 Bxf5 18. exf5 Rfe8 19. Rad1 Bf8 20. Bg5 Ned7 21.
Bd3 Qb7 22. Qh4 h6 23. Bc1 Rad8 24. Rde1 d5 25. Rxe8 Rxe8 26. Re1 Rxe1+ 27.
Qxe1 Nc5 28. Be2 Qd7 29. Qf2 Nce4 30. Qf3 Bc5 31. Nxe4 Nxe4 32. g4 Qc6 33. Kg2
Qf6 34. Kh3 Qd4 35. c3 0-1

[Event "V Open B"]
[Site "Montebelluna ITA"]
[Date "2007.03.10"]
[Round "3"]
[White "Mannori, Giampaolo"]
[Black "Pompili, Alberto"]
[Result "0-1"]
[WhiteElo "1545"]
[BlackElo "1846"]
[PlyCount "62"]
[EventDate "2007.03.09"]

1. e4 e6 2. d4 d5 3. e5 c5 4. Bd3 cxd4 5. Nf3 Nc6 6. O-O Qb6 7. a3 a5 8. b3 Bd7
9. Bb2 g6 10. Re1 Bg7 11. Bf1 Nge7 12. Qd2 O-O 13. Qf4 Qc7 14. Bxd4 Nxd4 15.
Nxd4 Rac8 16. Ra2 f6 17. Qg3 fxe5 18. Nb5 Bxb5 19. Bxb5 Qb6 20. c4 Nf5 21. Qg4
e4 22. Kh1 e3 23. fxe3 Nxe3 24. Qh3 Rc7 25. Rae2 d4 26. Nd2 Rcf7 27. Nf3 e5 28.
Kg1 Qf6 29. Rxe3 dxe3 30. Rxe3 Qb6 31. Nd2 Rf2 0-1

[Event "V Open B"]
[Site "Montebelluna ITA"]
[Date "2007.03.10"]
[Round "3"]
[White "Reginato, Mauro"]
[Black "Caprino, Marco"]
[Result "1/2-1/2"]
[WhiteElo "1895"]
[BlackElo "1497"]
[PlyCount "46"]
[EventDate "2007.03.09"]

1. e4 c5 2. Nf3 d6 3. d4 cxd4 4. Nxd4 Nf6 5. Nc3 a6 6. a4 e5 7. Nb3 Be6 8. Be2
Be7 9. Be3 O-O 10. a5 Nbd7 11. O-O Rc8 12. f3 Nc5 13. Nxc5 dxc5 14. Na4 Qxa5
15. Nxc5 Qb6 16. b4 Qxb4 17. Nxe6 fxe6 18. Rb1 Qc3 19. Rb4 Qxc2 20. Rxb7 Bc5
21. Bxc5 Qxc5+ 22. Kh1 Rfd8 23. Qb3 Rd6 1/2-1/2

[Event "V Open B"]
[Site "Montebelluna ITA"]
[Date "2007.03.10"]
[Round "3"]
[White "Reginato, Sabrina"]
[Black "Tomio, Dante"]
[Result "1/2-1/2"]
[WhiteElo "1608"]
[BlackElo "1953"]
[PlyCount "117"]
[EventDate "2007.03.09"]

1. e4 c5 2. Nf3 d6 3. d4 cxd4 4. Nxd4 Nf6 5. Nc3 e6 6. Be2 a6 7. O-O Be7 8. Be3
Qc7 9. f4 Nc6 10. Qe1 O-O 11. Bf3 Re8 12. Kh1 Bd7 13. Rg1 Nxd4 14. Bxd4 Bc6 15.
Qf2 b5 16. g4 Qb7 17. Rae1 b4 18. g5 Nd7 19. Ne2 Bxe4 20. Rg3 Bxf3+ 21. Rxf3 e5
22. Be3 exf4 23. Bxf4 Ne5 24. Bxe5 dxe5 25. Qg3 e4 26. Rf5 e3+ 27. Kg1 Qb6 28.
Qf3 Rf8 29. Rxf7 Qg6 30. Rxf8+ Rxf8 31. Qxe3 Bxg5 32. Qg3 Be3+ 33. Kh1 Qe4+ 34.
Qg2 Qxc2 35. Qd5+ Kh8 36. Ng3 Qxb2 37. Qe6 Bc5 38. Qxa6 Qd2 39. Qe2 Qd5+ 40.
Qg2 Qxg2+ 41. Kxg2 Rf2+ 42. Kh1 h6 43. Ne4 Rc2 44. Nxc5 Rxc5 45. Rb1 Rc2 46.
Rxb4 Rxa2 47. Rb7 Kh7 48. Rb6 h5 49. Kg1 g6 50. Rb4 Kh6 51. h4 Rd2 52. Rc4 Rd6
53. Kg2 Rf6 54. Kg3 Kg7 55. Rd4 Kf7 56. Re4 Rf5 57. Rb4 Re5 58. Rc4 Ke6 59. Rb4
1/2-1/2

[Event "V Open B"]
[Site "Montebelluna ITA"]
[Date "2007.03.10"]
[Round "3"]
[White "Soppelsa, Maurizio"]
[Black "Negro, Raffaele"]
[Result "0-1"]
[WhiteElo "1518"]
[BlackElo "1763"]
[PlyCount "120"]
[EventDate "2007.03.09"]

1. c4 g6 2. Nc3 Bg7 3. g3 d6 4. Bg2 Nd7 5. d3 e5 6. Nf3 Ne7 7. O-O c6 8. Be3
Nf5 9. Bd2 O-O 10. Qc1 Qb6 11. Rb1 a5 12. g4 Ne7 13. Be3 Qc7 14. h3 f5 15. Bh6
fxg4 16. Bxg7 Kxg7 17. hxg4 Nf6 18. g5 Nh5 19. Nh2 Nf4 20. Ne4 Nxg2 21. Kxg2
Nf5 22. Rh1 Nh4+ 23. Kg3 Qd7 24. f3 Qh3+ 25. Kf2 Qg2+ 26. Ke3 Nf5+ 27. Kd2 Nd4
28. Qf1 Qxf1 29. Rbxf1 d5 30. cxd5 cxd5 31. Nf6 Ne6 32. Nxd5 Nxg5 33. Rfg1 h6
34. Ng4 Bxg4 35. Rxg4 Rad8 36. Nc3 Nf7 37. Rhh4 g5 38. Rh1 Kg6 39. Ke3 h5 40.
Rg2 Rh8 41. Ne4 h4 42. Rhg1 Rh5 43. Kd2 b5 44. e3 h3 45. Rh2 b4 46. b3 Nd6 47.
Nxd6 Rxd6 48. Rc1 e4 49. fxe4 g4 50. Rg1 Rg5 51. d4 Kh5 52. e5 Ra6 53. Kd3 Kh4
54. Ke4 g3 55. Rc2 h2 56. Rh1 Kh3 57. Kf4 Rag6 58. e6 g2 59. Rxh2+ Kxh2 60. e7
Rg4+ 0-1